000 00572nam a2200181Ia 4500
003 OSt
005 20200515095356.0
008 190216s9999||||xx |||||||||||||| ||und||
020 _a9781851683598
040 _coclc
082 _a297.81092
_bSAN/A
100 _aSanyal, Usha
_92243
245 0 _aAhmad Riza Khan Barelwi In The Path Of The Prophet /
_cUsha Sanyal
260 _bOneworld Oxford,
_c2009.
_aEngland:
300 _a146p
650 0 _aHistory & geography
_vIslamic History
_92271
942 _cBK
_2ddc
_h297.81092
_iSAN/A
_k297.81092
_mSAN/A
999 _c23245
_d23245